000 00719nam a2200217 a 4500
999 _c2867
_d2867
001 2867
003 BD-JhCC
005 20171107182216.0
008 171107s1370 bg |||| ||a| 000 0 ben d
035 _a(BD-JhCC)2867
040 _aBD-JhCC
_dBD-JhCC
041 _aben
082 _a891.443
_bVAD 1370
100 _aভাদুড়ী, তরুনকুমার
245 _aসন্ধ্যাদীপের শিখা /
_cতরুনকুমার ভাদুড়ী
260 _aকলকাতা :
_bমিত্র ও ঘোষ পাবলিশার্স প্রাঃ লিঃ,
_c1370.
300 _a110 p. :
_c21 cm.
650 _aBengali Novel
942 _2ddc
_cBK